Statistics for 2023 US Open Men's Quarterfinals Tennis Players

Click here to take the quiz!

General Stats

  • This quiz has been taken 44 times
  • The average score is 8 of 8

Answer Stats

Answer% Correct
Novak Djokovic
100%
Carlos Alcaraz
98%
Frances Tiafoe
98%
Ben Shelton
95%
Daniil Medvedev
95%
Taylor Fritz
95%
Alexander Zverev
93%
Andrey Rublev
93%

Score Distribution

Percentile by Number Answered

Percent of People with Each Score

Your Score History

You have not taken this quiz